000
00230 a2200097 4500
001
1129
100
_a
Treater, H.
245
_a
Induction heating fundmental princples and applcations
260
_a
_b
Chapman
_c
090
_c
691
_d
691
942
_a
NUST-CAE
_c
M
_c
33500
999
_c
236202
_d
236202